La identificación proyectiva en las psicosis / (Record no. 104069)
[ view plain ]
| 000 -CABECERA | |
|---|---|
| campo de control de longitud fija | 00650nam a2200217 a 4500 |
| 005 - FECHA Y HORA DE LA ÚLTIMA TRANSACCIÓN | |
| campo de control | 20240806064155.0 |
| 008 - ELEMENTOS DE LONGITUD FIJA--INFORMACIÓN GENERAL | |
| campo de control de longitud fija | 040216s1999 mx r 000 0 spa d |
| 020 ## - NÚMERO INTERNACIONAL NORMALIZADO PARA LIBROS | |
| Número Internacional Estándar del Libro | 8470306669 |
| 035 ## - NÚMERO DE CONTROL DEL SISTEMA | |
| Número de control de sistema | UPN01000131914 |
| 049 ## - COLECCIÓN | |
| Colección | CG |
| 050 #4 - SIGNATURA TOPOGRÁFICA DE LA BIBLIOTECA DEL CONGRESO | |
| Número de clasificación | RC512 |
| Número de documento/Ítem | C7.5 |
| 100 1# - ASIENTO PRINCIPAL--NOMBRE PERSONAL | |
| Nombre de persona | Crespo, Luis Fernando |
| 245 13 - MENCIÓN DE TÍTULO | |
| Título | La identificación proyectiva en las psicosis / |
| Mención de responsabilidad, etc. | Luis Fernando Crespo. |
| 260 ## - PUBLICACIÓN, DISTRIBUCIÓN, ETC. | |
| Lugar de publicación, distribución, etc. | Madrid : |
| Nombre del editor, distribuidor, etc. | Biblioteca Nueva : |
| -- | Asociación Psicoanálitica de Madrid, |
| Fecha de publicación, distribución, etc. | c1999. |
| 300 ## - DESCRIPCIÓN FÍSICA | |
| Extensión | 237 p. |
| 440 #0 - MENCIÓN DE SERIE/ASIENTO SECUNDARIO--TÍTULO | |
| Título | Psicoanálisis |
| 650 #2 - ASIENTO SECUNDARIO DE MATERIA - TERMINO TEMATICO | |
| Término de materia o nombre geográfico como elemento de entrada | Psicosis |
| 9 (RLIN) | 14792 |
| 650 #4 - ASIENTO SECUNDARIO DE MATERIA - TERMINO TEMATICO | |
| Término de materia o nombre geográfico como elemento de entrada | IDENTIFICACION PSICOLOGICA |
| 650 #4 - ASIENTO SECUNDARIO DE MATERIA - TERMINO TEMATICO | |
| Término de materia o nombre geográfico como elemento de entrada | Psicoanálisis |
| 9 (RLIN) | 1572 |
| 905 ## - TIPO DE MATERIAL | |
| Tipo de material | Libro |
| Estado de retiro | Estado de pérdida | Fuente del sistema de clasificación o colocación | Estado dañado | No para préstamo | Código de colección | Localización permanente | Ubicación/localización actual | Ubicación en estantería | Total de préstamos | Clasificación | Código de barras | Fecha visto por última vez | Número de copia | Tipo de ítem Koha |
|---|---|---|---|---|---|---|---|---|---|---|---|---|---|---|
| Library of Congress Classification | Colección General | Bib. Gregorio Torres Quintero | Bib. Gregorio Torres Quintero | Planta baja | 6 | RC512 C7.5 | 221549 | 31/12/2020 | 1 | Libro | ||||
| Library of Congress Classification | Colección General | Bib. Gregorio Torres Quintero | Bib. Gregorio Torres Quintero | Planta baja | RC512 C7.5 | 189297 | 31/12/2020 | 1 | Libro |
